000 00510nam a2200193 a 4500
001 5616
003 CO-ViMGA
008 141112s2004 ck r 000 u spa d
040 _aCO-ViMGA
_bspa
_cCO-ViMGA
082 0 4 _a115 D377
100 1 _aDerrida, Jacques
_952092
245 1 0 _aDar el tiempo :
_bla moneda falsa
260 _aBarcelona :
_bPaidós,
_c1995
300 _a169 p
490 _aPaidós básica, 73
650 1 4 _aFILOSOFIA MODERNA
_97408
650 1 4 _aTIEMPO - FILOSOFIA
_94000
942 _2ddc
_cBK
999 _c17598
_d17598